[Event "POL-chT U19 39th"]
[Site "Gorzow Wielkopolski"]
[Date "2008.07.12"]
[Round "8.5"]
[White "Radziewicz, Katarzyna"]
[Black "Wyczawska, Agata"]
[Result "1/2-1/2"]
[WhiteElo "1923"]
[BlackElo "1813"]
[PlyCount "28"]
[EventDate "2008.07.05"]
[EventType "team-tourn"]
[EventRounds "9"]
[EventCountry "POL"]
[SourceTitle "EXT 2019"]
[Source "ChessBase"]
[SourceDate "2018.10.10"]
[SourceVersion "1"]
[SourceVersionDate "2018.10.10"]
[SourceQuality "1"]
[WhiteTeam "Wroclaw KS Polonia U19"]
[BlackTeam "Poznan UMKS Na Pieterku U19"]
[WhiteTeamCountry "POL"]
[BlackTeamCountry "POL"]

1. d4 d5 2. Nf3 e6 3. c4 c6 4. e3 Nf6 5. Nc3 Nbd7 6. Bd3 dxc4 7. Bxc4 b5 8. Bb3 Bb7 9. 0-0 a6 10. Qe2 c5 11. Rd1 Qc7 12. Bd2 Rc8 13. Rac1 Qb8 14. Bc2 Bd6 1/2-1/2

[Event "POL-chT U19 39th"]
[Site "Gorzow Wielkopolski"]
[Date "2008.07.11"]
[Round "7.5"]
[White "Krupa, Anna"]
[Black "Radziewicz, Katarzyna"]
[Result "0-1"]
[WhiteElo "1786"]
[BlackElo "1923"]
[PlyCount "86"]
[EventDate "2008.07.05"]
[EventType "team-tourn"]
[EventRounds "9"]
[EventCountry "POL"]
[SourceTitle "EXT 2019"]
[Source "ChessBase"]
[SourceDate "2018.10.10"]
[SourceVersion "1"]
[SourceVersionDate "2018.10.10"]
[SourceQuality "1"]
[WhiteTeam "Rybnik MKSz U19"]
[BlackTeam "Wroclaw KS Polonia U19"]
[WhiteTeamCountry "POL"]
[BlackTeamCountry "POL"]

1. d4 Nf6 2. Nf3 g6 3. Bf4 Bg7 4. e3 d6 5. h3 0-0 6. Be2 Nbd7 7. 0-0 Re8 8. Bh2 b6 9. Bc4 e6 10. c3 Bb7 11. Nbd2 h6 12. Qc2 Qe7 13. Rfe1 Nh7 14. e4 e5 15. dxe5 dxe5 16. b4 Kh8 17. Rad1 Rad8 18. Bd3 Nhf6 19. Nc4 Nh5 20. Qc1 b5 21. Na5 Ba6 22. Nc6 Qe6 23. Nxd8 Rxd8 24. a3 Nb6 25. Be2 Rxd1 26. Rxd1 Kh7 27. Qe3 c6 28. g4 Nf4 29. Bxf4 exf4 30. Qxf4 Bxc3 31. Nd4 Qe8 32. Rd3 Bb2 33. Nb3 Be5 34. Qc1 Bc8 35. Na5 Bd7 36. f4 Bb8 37. Rd4 g5 38. e5 Nd5 39. fxg5 Qxe5 40. Qb1+ Kh8 41. Re4 Qh2+ 42. Kf1 Qh1+ 43. Kf2 Qxb1 0-1

[Event "POL-chT U19 39th"]
[Site "Gorzow Wielkopolski"]
[Date "2008.07.07"]
[Round "3.5"]
[White "Demidowicz, Maria"]
[Black "Radziewicz, Katarzyna"]
[Result "1-0"]
[WhiteElo "2032"]
[BlackElo "1923"]
[PlyCount "53"]
[EventDate "2008.07.05"]
[EventType "team-tourn"]
[EventRounds "9"]
[EventCountry "POL"]
[SourceTitle "EXT 2019"]
[Source "ChessBase"]
[SourceDate "2018.10.10"]
[SourceVersion "1"]
[SourceVersionDate "2018.10.10"]
[SourceQuality "1"]
[WhiteTeam "Gorzow Wielkopolski Stilon U19"]
[BlackTeam "Wroclaw KS Polonia U19"]
[WhiteTeamCountry "POL"]
[BlackTeamCountry "POL"]

1. d4 g6 2. e4 Bg7 3. Nc3 d6 4. Be3 Nf6 5. f3 0-0 6. Qd2 e5 7. Nge2 Nc6 8. 0-0-0 a6 9. h4 h5 10. Bg5 Qd7 11. d5 Ne7 12. g4 hxg4 13. h5 gxh5 14. Ng3 Re8 15. fxg4 h4 16. Nh5 Nh7 17. Bh6 Bh8 18. Bh3 Ng6 19. g5 Qe7 20. Bf5 Bd7 21. Rhg1 Reb8 22. Rdf1 Be8 23. Qf2 Qd8 24. Bxg6 fxg6 25. Nf6+ Bxf6 26. gxf6 Bf7 27. Qxh4 1-0

[Event "POL-chT U19 39th"]
[Site "Gorzow Wielkopolski"]
[Date "2008.07.06"]
[Round "2.5"]
[White "Radziewicz, Katarzyna"]
[Black "Ostrowska, Dominika"]
[Result "1/2-1/2"]
[WhiteElo "1923"]
[BlackElo "1846"]
[PlyCount "70"]
[EventDate "2008.07.05"]
[EventType "team-tourn"]
[EventRounds "9"]
[EventCountry "POL"]
[SourceTitle "EXT 2019"]
[Source "ChessBase"]
[SourceDate "2018.10.10"]
[SourceVersion "1"]
[SourceVersionDate "2018.10.10"]
[SourceQuality "1"]
[WhiteTeam "Wroclaw KS Polonia U19"]
[BlackTeam "Suwalki Hancza U19"]
[WhiteTeamCountry "POL"]
[BlackTeamCountry "POL"]

1. d4 Nf6 2. c4 g6 3. Nc3 d5 4. Nf3 Bg7 5. Bg5 dxc4 6. Qa4+ c6 7. Qxc4 0-0 8. e3 Be6 9. Qd3 Qa5 10. Be2 c5 11. Qb5 Qxb5 12. Nxb5 Rc8 13. 0-0 a6 14. Nc3 cxd4 15. Nxd4 Bc4 16. Rac1 Nbd7 17. Rfd1 Bxe2 18. Ndxe2 e6 19. e4 Rc4 20. b3 Rc6 21. f3 Rac8 22. Be3 b5 23. h3 Bf8 24. Nb1 Nc5 25. Rc2 Ncd7 26. Rxc6 Rxc6 27. Rc1 Nb8 28. Kf2 Rxc1 29. Nxc1 Nc6 30. Nd3 Nd7 31. Ke2 Bg7 32. Na3 Nd4+ 33. Kd2 Kf8 34. Nc2 Nxc2 35. Kxc2 Ke7 1/2-1/2

[Event "Wroclaw Polonia op 3rd"]
[Site "Wroclaw"]
[Date "2008.06.22"]
[Round "2"]
[White "Kowalczyk, Pawel"]
[Black "Radziewicz, Katarzyna"]
[Result "1/2-1/2"]
[WhiteElo "2075"]
[BlackElo "1961"]
[PlyCount "57"]
[EventDate "2008.06.21"]
[EventType "swiss"]
[EventRounds "9"]
[EventCountry "POL"]
[SourceTitle "CBM 125 Extra"]
[Source "ChessBase"]
[SourceDate "2008.09.01"]
[SourceVersion "1"]
[SourceVersionDate "2008.09.01"]
[SourceQuality "1"]

1. e4 c5 2. Nf3 g6 3. d4 Bg7 4. Nc3 cxd4 5. Nxd4 Nc6 6. Be3 Nf6 7. Bc4 0-0 8. Bb3 Qa5 9. 0-0 d6 10. h3 Rd8 11. f4 e6 12. Qd3 Ne7 13. Rad1 a6 14. a4 Rb8 15. Ba2 b5 16. Nb3 Qc7 17. a5 Nc6 18. Bb6 Rxb6 19. axb6 Qxb6+ 20. Kh1 Nb4 21. Qe2 Nxa2 22. Nxa2 Bb7 23. Nd2 a5 24. c3 Qc6 25. Rfe1 Nd7 26. Nc1 Nc5 27. Ndb3 Nxb3 28. Nxb3 Qb6 29. Qe3 1/2-1/2

[Event "Wroclaw Polonia op 3rd"]
[Site "Wroclaw"]
[Date "2008.06.21"]
[Round "1.22"]
[White "Radziewicz, Katarzyna"]
[Black "Gluszko, Tomasz"]
[Result "0-1"]
[WhiteElo "1961"]
[BlackElo "2202"]
[PlyCount "62"]
[EventDate "2008.06.21"]
[EventType "swiss"]
[EventRounds "9"]
[EventCountry "POL"]
[SourceTitle "CBM 125 Extra"]
[Source "ChessBase"]
[SourceDate "2008.09.01"]
[SourceVersion "1"]
[SourceVersionDate "2008.09.01"]
[SourceQuality "1"]

1. d4 Nf6 2. c4 g6 3. Nc3 d5 4. Nf3 Bg7 5. e3 0-0 6. Bd3 c5 7. 0-0 Nc6 8. cxd5 Nxd5 9. Nxd5 Qxd5 10. e4 Qd6 11. dxc5 Qxc5 12. Be3 Qh5 13. Qb3 Bg4 14. Nd2 Rfd8 15. Bc4 Na5 16. Qb4 Rac8 17. f3 Be5 18. h3 Bxh3 19. gxh3 Bd6 20. Qb5 Rc5 21. Bxf7+ Kxf7 22. Qe2 Qxh3 23. Qg2 Qxg2+ 24. Kxg2 Rc2 25. Rf2 Rxb2 26. Bxa7 b6 27. Nb3 Rxf2+ 28. Kxf2 Nxb3 29. axb3 Ra8 30. Ra4 b5 31. Ra5 Rxa7 0-1

[Event "POL-ch U18 Girls"]
[Site "Leba"]
[Date "2008.04.03"]
[Round "8"]
[White "Radziewicz, Katarzyna"]
[Black "Golek, Jagoda"]
[Result "1/2-1/2"]
[WhiteElo "1961"]
[BlackElo "2044"]
[PlyCount "46"]
[EventDate "2008.03.29"]
[EventType "swiss"]
[EventRounds "11"]
[EventCountry "POL"]
[SourceTitle "CBM 123 Extra"]
[Source "ChessBase"]
[SourceDate "2008.05.06"]
[SourceVersion "1"]
[SourceVersionDate "2008.05.06"]
[SourceQuality "1"]

1. d4 d5 2. c4 e6 3. Nc3 Nf6 4. Nf3 c6 5. Bg5 Be7 6. e3 0-0 7. Rc1 a6 8. cxd5 exd5 9. Bd3 Bg4 10. Qc2 h6 11. Bh4 Nbd7 12. 0-0 Re8 13. Nd2 Nf8 14. Nb3 N6h7 15. Bg3 Bh4 16. Ne2 Bxg3 17. Nxg3 Qg5 18. Bf5 g6 19. Bxg4 Qxg4 20. Nc5 Rab8 21. Qe2 Qg5 22. Qf3 Ne6 23. Ne2 Nhf8 1/2-1/2

[Event "POL-ch U18 Girls"]
[Site "Leba"]
[Date "2008.03.31"]
[Round "3"]
[White "Swieszek, Joanna"]
[Black "Radziewicz, Katarzyna"]
[Result "1-0"]
[WhiteElo "1824"]
[BlackElo "1961"]
[PlyCount "153"]
[EventDate "2008.03.29"]
[EventType "swiss"]
[EventRounds "11"]
[EventCountry "POL"]
[SourceTitle "CBM 123 Extra"]
[Source "ChessBase"]
[SourceDate "2008.05.06"]
[SourceVersion "1"]
[SourceVersionDate "2008.05.06"]
[SourceQuality "1"]

1. e4 c6 2. Nf3 d5 3. exd5 cxd5 4. d4 Nc6 5. Bb5 a6 6. Bxc6+ bxc6 7. Ne5 Qc7 8. Bf4 Qb7 9. Nd2 Nf6 10. Nb3 e6 11. 0-0 Qb6 12. Bd2 a5 13. Bxa5 Rxa5 14. Nxa5 Qxa5 15. Nxc6 Qc7 16. Ne5 Bd6 17. Re1 0-0 18. Re3 Nd7 19. Rc3 Qa7 20. Nxd7 Bxd7 21. a4 Rb8 22. b3 e5 23. dxe5 Bxe5 24. Rd3 Bxa1 25. Rxd5 Bf6 26. Rxd7 Qc5 27. Qd6 Qxd6 28. Rxd6 Kf8 29. Kf1 Ke7 30. Rd3 Rc8 31. c4 Ke6 32. Ke2 Bg5 33. Kd1 Be7 34. Rd5 Rc5 35. Rd3 Rf5 36. f3 Bd6 37. h3 Kd7 38. Kc2 Kc6 39. Kc3 Be5+ 40. Kb4 Bd6+ 41. Kc3 Be5+ 42. Kb4 Bg3 43. Ka3 Rf4 44. Rc3 Rd4 45. Rc2 Be1 46. Re2 Ba5 47. Re5 Bc7 48. Re2 Bd6+ 49. Kb2 Bb4 50. Kc1 Rd6 51. Ra2 Kc5 52. Re2 Re6 53. Rc2 Re1+ 54. Kb2 Rd1 55. Re2 Rd2+ 56. Rxd2 Bxd2 57. Kc2 Ba5 58. Kd3 Bd8 59. Kc3 Bf6+ 60. Kd3 Kb4 61. Ke4 Kc5 62. a5 Bd8 63. a6 Bb6 64. Ke5 Bc7+ 65. Ke4 Bb8 66. g4 Kb6 67. Kd5 Kxa6 68. Kc6 Ka5 69. c5 Kb4 70. Kb7 Be5 71. c6 Kxb3 72. c7 Bxc7 73. Kxc7 Kc4 74. Kd6 Kd4 75. Ke7 f5 76. Kf7 g5 77. gxf5 1-0

[Event "POL-ch U18 Girls"]
[Site "Leba"]
[Date "2008.03.29"]
[Round "1"]
[White "Wojdylo, Zaklin"]
[Black "Radziewicz, Katarzyna"]
[Result "1/2-1/2"]
[WhiteElo "1736"]
[BlackElo "1961"]
[PlyCount "69"]
[EventDate "2008.03.29"]
[EventType "swiss"]
[EventRounds "11"]
[EventCountry "POL"]
[SourceTitle "CBM 123 Extra"]
[Source "ChessBase"]
[SourceDate "2008.05.06"]
[SourceVersion "1"]
[SourceVersionDate "2008.05.06"]
[SourceQuality "1"]

1. d4 g6 2. f4 Bg7 3. Nf3 Nf6 4. c3 0-0 5. e3 d6 6. Bd3 Nbd7 7. 0-0 e5 8. Nbd2 Qe7 9. fxe5 dxe5 10. Qc2 c6 11. Kh1 Bh6 12. e4 Kg7 13. Nc4 Bxc1 14. Raxc1 exd4 15. cxd4 c5 16. d5 b5 17. Ncd2 c4 18. Be2 Bb7 19. Nd4 a6 20. b3 cxb3 21. N4xb3 Bxd5 22. Bf3 Rac8 23. Qb2 Ba8 24. Rxc8 Rxc8 25. Bg4 Nb6 26. Bxc8 Nxc8 27. e5 Ng4 28. Nf3 Ne3 29. Re1 Nc4 30. Qc3 N8b6 31. Nbd2 Nd5 32. Qd4 Na3 33. Rc1 h5 34. Ne4 Nc4 35. Nc5 1/2-1/2

[Event "POL-ch U20 Girls"]
[Site "Sroda Wielkopolska"]
[Date "2008.02.03"]
[Round "11"]
[White "Radziewicz, Katarzyna"]
[Black "Iwanow, Anna"]
[Result "1/2-1/2"]
[WhiteElo "1961"]
[BlackElo "1975"]
[PlyCount "29"]
[EventDate "2008.01.26"]
[EventType "tourn"]
[EventRounds "11"]
[EventCountry "POL"]
[SourceTitle "CBM 122 Extra"]
[Source "ChessBase"]
[SourceDate "2008.03.04"]
[SourceVersion "1"]
[SourceVersionDate "2008.03.04"]
[SourceQuality "1"]

1. d4 Nf6 2. c4 g6 3. Nc3 Bg7 4. e4 d6 5. f3 0-0 6. Bg5 h6 7. Be3 e5 8. d5 c6 9. Qd2 cxd5 10. cxd5 Kh7 11. g4 Ne8 12. Nge2 Na6 13. h4 Bd7 14. h5 g5 15. Ng3 1/2-1/2

[Event "POL-ch U20 Girls"]
[Site "Sroda Wielkopolska"]
[Date "2008.01.30"]
[Round "7"]
[White "Golek, Jagoda"]
[Black "Radziewicz, Katarzyna"]
[Result "1-0"]
[WhiteElo "2044"]
[BlackElo "1961"]
[PlyCount "47"]
[EventDate "2008.01.26"]
[EventType "tourn"]
[EventRounds "11"]
[EventCountry "POL"]
[SourceTitle "CBM 122 Extra"]
[Source "ChessBase"]
[SourceDate "2008.03.04"]
[SourceVersion "1"]
[SourceVersionDate "2008.03.04"]
[SourceQuality "1"]

1. e4 c5 2. Nf3 g6 3. d4 Bg7 4. dxc5 Qa5+ 5. c3 Qxc5 6. Na3 Nc6 7. Nb5 Qb6 8. Be3 Qd8 9. h3 d6 10. Bc4 Nf6 11. e5 dxe5 12. Qxd8+ Kxd8 13. Ng5 Bd7 14. Nxf7+ Kc8 15. Nxh8 Bxh8 16. Na3 Kc7 17. Rd1 Rf8 18. Bh6 Rd8 19. 0-0 Nh5 20. Rfe1 Bf6 21. Be3 Ng7 22. Nb5+ Kb8 23. Bd5 Nf5 24. Bc5 1-0

[Event "POL-ch U20 Girls"]
[Site "Sroda Wielkopolska"]
[Date "2008.01.27"]
[Round "3"]
[White "Majdan, Joanna"]
[Black "Radziewicz, Katarzyna"]
[Result "1-0"]
[WhiteElo "2293"]
[BlackElo "1961"]
[PlyCount "85"]
[EventDate "2008.01.26"]
[EventType "tourn"]
[EventRounds "11"]
[EventCountry "POL"]
[SourceTitle "CBM 122 Extra"]
[Source "ChessBase"]
[SourceDate "2008.03.04"]
[SourceVersion "1"]
[SourceVersionDate "2008.03.04"]
[SourceQuality "1"]

1. d4 g6 2. Nf3 Bg7 3. e4 c5 4. dxc5 Qa5+ 5. c3 Qxc5 6. Be3 Qc7 7. Bd3 Nc6 8. Na3 Nf6 9. h3 0-0 10. Qd2 d6 11. c4 b6 12. Nb5 Qb8 13. Rc1 Bb7 14. 0-0 Nd7 15. Bb1 Qd8 16. b3 Nc5 17. Nc3 a5 18. Bh6 Rc8 19. Nd5 e6 20. Bxg7 Kxg7 21. Nc3 Qe7 22. Rfd1 Rcd8 23. Nb5 Rd7 24. Qc3+ f6 25. a3 Rfd8 26. Re1 Kg8 27. Nh2 Kf7 28. Ng4 Ne5 29. b4 axb4 30. axb4 Na6 31. Ne3 Nc6 32. Nc2 Kg7 33. Nba3 Nc7 34. Qe3 Na8 35. Ba2 Re8 36. Nb5 Qd8 37. Nc3 Qe7 38. f4 Nd8 39. b5 Nf7 40. Qf2 Qd8 41. Rf1 Qc7 42. Nd4 Rde7 43. f5 1-0

[Event "POL-ch U20 Girls"]
[Site "Sroda Wielkopolska"]
[Date "2008.01.27"]
[Round "2"]
[White "Radziewicz, Katarzyna"]
[Black "Adamowicz, Katarzyna"]
[Result "0-1"]
[WhiteElo "1961"]
[BlackElo "2079"]
[PlyCount "106"]
[EventDate "2008.01.26"]
[EventType "tourn"]
[EventRounds "11"]
[EventCountry "POL"]
[SourceTitle "CBM 122 Extra"]
[Source "ChessBase"]
[SourceDate "2008.03.04"]
[SourceVersion "1"]
[SourceVersionDate "2008.03.04"]
[SourceQuality "1"]

1. d4 d5 2. c4 c6 3. Nc3 Nf6 4. Nf3 Bf5 5. Qb3 Qb6 6. Qxb6 axb6 7. e3 dxc4 8. Bxc4 b5 9. Bb3 h6 10. 0-0 Nbd7 11. Re1 b4 12. Ne2 e6 13. Ng3 Be4 14. Nxe4 Nxe4 15. Nd2 Nef6 16. e4 Be7 17. Nf3 0-0 18. Bf4 Rfe8 19. Rad1 Bf8 20. Ne5 Rec8 21. Nd3 b6 22. Bc4 c5 23. d5 exd5 24. exd5 Ra5 25. Nc1 Nh5 26. Bd2 Ra7 27. h4 Bd6 28. g4 Nhf6 29. g5 hxg5 30. hxg5 Ne8 31. Bb5 Bf8 32. b3 Nd6 33. Bc6 Nb8 34. Bf4 Nxc6 35. dxc6 Rxc6 36. Re2 Ra8 37. Red2 Nf5 38. Rd7 Nd4 39. Rb7 Bd6 40. Bxd6 Rxd6 41. Kg2 Re8 42. Rh1 Rg6 43. f4 Rge6 44. Kf2 Re4 45. Rxb6 Rxf4+ 46. Kg3 Rf3+ 47. Kg2 Rf5 48. g6 Rg5+ 49. Kf2 fxg6 50. Rb7 Rf5+ 51. Kg2 Nc2 52. Rc7 Ne3+ 53. Kg3 Re4 0-1

[Event "POL-ch sf (Women)"]
[Site "Chotowa"]
[Date "2007.11.09"]
[Round "7.2"]
[White "Radziewicz, Katarzyna"]
[Black "Demidowicz, Maria"]
[Result "1-0"]
[WhiteElo "1928"]
[BlackElo "2040"]
[PlyCount "79"]
[EventDate "2007.11.03"]
[EventType "swiss"]
[EventRounds "9"]
[EventCountry "POL"]
[SourceTitle "EXT 2023"]
[Source "ChessBase"]
[SourceDate "2022.10.05"]
[SourceVersion "1"]
[SourceVersionDate "2022.10.05"]
[SourceQuality "1"]

1. d4 Nf6 2. c4 g6 3. Nc3 Bg7 4. e4 0-0 5. f3 d6 6. Bg5 Nc6 7. Nge2 a6 8. Qd2 Rb8 9. a4 Nb4 10. Nc1 c5 11. d5 Nd7 12. Be2 h6 13. Be3 Ne5 14. 0-0 Kh7 15. h3 f5 16. f4 Nf7 17. e5 dxe5 18. Bxc5 exf4 19. Qxf4 Be5 20. Qh4 g5 21. Qf2 Nc2 22. Rb1 b6 23. Bd3 bxc5 24. Bxf5+ Bxf5 25. Qxf5+ Kg7 26. Qxc2 Bd4+ 27. Kh1 Ne5 28. Rxf8 Qxf8 29. N1e2 Nxc4 30. Nxd4 cxd4 31. Ne2 Ne3 32. Qe4 Qf6 33. Nxd4 Qg6 34. Qxe7+ Kg8 35. Qe6+ Qxe6 36. dxe6 Nd5 37. Nf5 Re8 38. Rd1 Nb6 39. e7 Nc8 40. Rd8 1-0

[Event "POL-chT2 U20 Girls"]
[Site "Lublin"]
[Date "2007.07.08"]
[Round "2"]
[White "Szczurek, Natalia"]
[Black "Radziewicz, Katarzyna"]
[Result "0-1"]
[WhiteElo "1757"]
[BlackElo "1959"]
[PlyCount "80"]
[EventDate "2007.07.07"]
[EventType "team-tourn"]
[EventRounds "11"]
[EventCountry "POL"]
[SourceTitle "EXT 2010"]
[Source "ChessBase"]
[SourceDate "2010.11.25"]
[SourceVersion "1"]
[SourceVersionDate "2010.11.25"]
[SourceQuality "1"]

1. e4 c5 2. Nf3 d6 3. d4 cxd4 4. Nxd4 Nf6 5. Nc3 g6 6. Be2 Bg7 7. Be3 0-0 8. Qd2 Nc6 9. f3 d5 10. Nxc6 bxc6 11. e5 Nd7 12. f4 Qc7 13. Bg4 Nb6 14. Bxc8 Raxc8 15. Rb1 Nc4 16. Qf2 Nxe3 17. Qxe3 Rfd8 18. Qc5 f6 19. exf6 Bxf6 20. 0-0 Qb6 21. Qxb6 axb6 22. Rfd1 e6 23. Na4 Ra8 24. Nxb6 Rxa2 25. c3 Ra6 26. Nxd5 exd5 27. g4 Ra4 28. g5 Bg7 29. Rf1 Rf8 30. Kg2 Raxf4 31. Rxf4 Rxf4 32. Kg3 Ra4 33. Re1 Kf7 34. Re2 Ra2 35. Kf3 Bxc3 36. bxc3 Rxe2 37. Kxe2 Ke6 38. Kf3 Kf5 39. h4 c5 40. Ke3 Kg4 0-1

[Event "Niederschlesien-ch op"]
[Site "Wroclaw"]
[Date "2007.06.29"]
[Round "9"]
[White "Radziewicz, Katarzyna"]
[Black "Kaczmarek, Maciej"]
[Result "0-1"]
[WhiteElo "1966"]
[BlackElo "2086"]
[PlyCount "120"]
[EventDate "2007.06.25"]
[EventType "swiss"]
[EventRounds "9"]
[EventCountry "POL"]
[SourceTitle "EXT 2011"]
[Source "ChessBase"]
[SourceDate "2010.11.26"]
[SourceVersion "1"]
[SourceVersionDate "2010.11.26"]
[SourceQuality "1"]

1. d4 d5 2. Nf3 Nf6 3. c4 c6 4. e3 e6 5. Nc3 Nbd7 6. Bd3 dxc4 7. Bxc4 b5 8. Bd3 Bb7 9. 0-0 b4 10. Ne2 c5 11. Ng3 Be7 12. Qe2 0-0 13. Rd1 Qb6 14. h3 Rac8 15. dxc5 Nxc5 16. Bb1 Ba6 17. Qe1 Rfd8 18. e4 Rxd1 19. Qxd1 Rd8 20. Qe1 Nd3 21. Bxd3 Bxd3 22. Bf4 Bc5 23. Nd2 Bd4 24. Be3 Bxe3 25. fxe3 Rc8 26. Nf3 Nxe4 27. Nxe4 Bxe4 28. Ng5 Bd5 29. Rc1 Rd8 30. b3 h6 31. Nf3 a5 32. Nd4 Bb7 33. Qg3 e5 34. Qxe5 Qg6 35. Qh2 Qe4 36. Kf2 Re8 37. Qg3 Re5 38. h4 Re7 39. Rc4 Rd7 40. Rc1 f5 41. Qg6 Rxd4 42. exd4 Qf4+ 43. Ke2 Qxc1 44. Qe6+ Kh8 45. Qxf5 Qc8 46. Qxa5 Qe6+ 47. Kd2 Qd6 48. Qa7 Qf4+ 49. Kd3 Qf1+ 50. Ke3 Qc1+ 51. Ke2 Qc2+ 52. Ke1 Qxg2 53. Qc5 Qe4+ 54. Kd2 Qf4+ 55. Kd1 Bf3+ 56. Kc2 Be4+ 57. Kd1 Qf1+ 58. Kd2 Qf2+ 59. Kd1 Bf3+ 60. Kc1 Qe3+ 0-1

[Event "Niederschlesien-ch op"]
[Site "Wroclaw"]
[Date "2007.06.28"]
[Round "7"]
[White "Swicarz, Maciej"]
[Black "Radziewicz, Katarzyna"]
[Result "1-0"]
[WhiteElo "2306"]
[BlackElo "1966"]
[PlyCount "117"]
[EventDate "2007.06.25"]
[EventType "swiss"]
[EventRounds "9"]
[EventCountry "POL"]
[SourceTitle "EXT 2011"]
[Source "ChessBase"]
[SourceDate "2010.11.26"]
[SourceVersion "1"]
[SourceVersionDate "2010.11.26"]
[SourceQuality "1"]

1. e4 c5 2. Nc3 Nc6 3. Bb5 d6 4. Bxc6+ bxc6 5. f4 g6 6. d3 Bg7 7. Nf3 e6 8. 0-0 Ne7 9. Qe1 Rb8 10. Kh1 Ba6 11. b3 d5 12. e5 Nf5 13. Qf2 h5 14. Qxc5 Qc7 15. Qa3 Bc8 16. Qc5 Bf8 17. Qf2 Be7 18. Ne2 c5 19. Bd2 Bb7 20. Rac1 Ba8 21. Qe1 Kf8 22. Ng3 Ng7 23. c4 h4 24. Ne2 d4 25. b4 Nf5 26. bxc5 Bxc5 27. h3 Kg7 28. Kh2 Qc6 29. Rb1 Rb6 30. Rb3 Rhb8 31. Nc1 Rxb3 32. axb3 Be7 33. Rf2 Qd7 34. Qd1 Rb6 35. Qc2 Qb7 36. Ba5 Ra6 37. Be1 Ba3 38. Ne2 Bc5 39. b4 Bxb4 40. Bxb4 Qxb4 41. Nexd4 Nxd4 42. Nxd4 Ra1 43. Nb3 Ra3 44. Nc1 Rc3 45. Qd2 Qa3 46. Rf1 Bc6 47. Re1 Ba4 48. Qe3 a5 49. f5 exf5 50. Qg5 Rc2 51. Qf6+ Kh6 52. Qxh4+ Kg7 53. Qf6+ Kh6 54. Qh8+ Kg5 55. h4+ Kg4 56. Qf6 Rxg2+ 57. Kxg2 Qb2+ 58. Ne2 Qb7+ 59. Kh2 1-0

[Event "POL-ch U18 Girls"]
[Site "Leba"]
[Date "2007.03.31"]
[Round "10"]
[White "Radziewicz, Katarzyna"]
[Black "Leks, Hanna"]
[Result "1/2-1/2"]
[WhiteElo "1966"]
[BlackElo "2172"]
[PlyCount "97"]
[EventDate "2007.03.24"]
[EventType "swiss"]
[EventRounds "11"]
[EventCountry "POL"]
[SourceTitle "EXT 2011"]
[Source "ChessBase"]
[SourceDate "2010.11.26"]
[SourceVersion "1"]
[SourceVersionDate "2010.11.26"]
[SourceQuality "1"]

1. d4 Nf6 2. c4 e6 3. Nf3 Bb4+ 4. Nbd2 b6 5. a3 Bxd2+ 6. Qxd2 Bb7 7. g3 Ne4 8. Qc2 f5 9. Bg2 Nf6 10. 0-0 Be4 11. Qc3 0-0 12. b4 d6 13. Rd1 Qe8 14. Bf1 Nbd7 15. Ng5 h6 16. Nh3 Bb7 17. f3 e5 18. Nf2 g5 19. Qc2 e4 20. Bg2 Qe7 21. Bb2 Rae8 22. Re1 exf3 23. Bxf3 Ne4 24. Nd3 f4 25. g4 Ndf6 26. Nf2 h5 27. d5 Bc8 28. gxh5 Nxf2 29. Qg6+ Qg7 30. Qxg7+ Kxg7 31. Kxf2 Kh6 32. Rg1 Nxh5 33. Rad1 Rg8 34. Rd4 g4 35. Be4 Re7 36. Bd3 Rf8 37. Bc1 Kg7 38. Re4 Rxe4 39. Bxe4 Kf6 40. Bb2+ Kg5 41. Bd4 Re8 42. Bd3 g3+ 43. hxg3 fxg3+ 44. Ke1 Bh3 45. Kd2 g2 46. Bf2 Rf8 47. Ke1 Nf4 48. Bc2 Nh5 49. Be4 1/2-1/2

[Event "POL-ch U18 Girls"]
[Site "Leba"]
[Date "2007.03.28"]
[Round "7"]
[White "Radziewicz, Katarzyna"]
[Black "Gosciniak, Maria"]
[Result "1/2-1/2"]
[WhiteElo "1966"]
[BlackElo "2061"]
[PlyCount "84"]
[EventDate "2007.03.24"]
[EventType "swiss"]
[EventRounds "11"]
[EventCountry "POL"]
[SourceTitle "EXT 2011"]
[Source "ChessBase"]
[SourceDate "2010.11.26"]
[SourceVersion "1"]
[SourceVersionDate "2010.11.26"]
[SourceQuality "1"]

1. d4 d6 2. c4 e5 3. d5 f5 4. Nc3 Nf6 5. f3 Nh5 6. Nh3 f4 7. Nf2 Be7 8. e4 Bh4 9. Qe2 c5 10. Bd2 Na6 11. 0-0-0 Nc7 12. Rg1 Bd7 13. Nh1 0-0 14. g3 fxg3 15. hxg3 Be7 16. f4 Be8 17. Qh2 Nf6 18. Nf2 a6 19. f5 h6 20. g4 Nh7 21. g5 Nxg5 22. Qg2 Bh5 23. Be2 Bxe2 24. Nxe2 Ne8 25. Nh3 b5 26. Nxg5 Bxg5 27. Bxg5 Qxg5+ 28. Qxg5 hxg5 29. Rxg5 Nf6 30. Rdg1 Rf7 31. Ng3 Raa7 32. Re1 bxc4 33. Nf1 Rab7 34. Nd2 Rb4 35. a3 Ra4 36. Kc2 c3 37. Kxc3 Rd4 38. Rg3 c4 39. Kc2 Rb7 40. Rc3 Rc7 41. Kc1 Rc5 42. Kc2 a5 1/2-1/2

[Event "POL-ch U18 Girls"]
[Site "Leba"]
[Date "2007.03.26"]
[Round "4"]
[White "Kaniak, Monika"]
[Black "Radziewicz, Katarzyna"]
[Result "1/2-1/2"]
[WhiteElo "1983"]
[BlackElo "1966"]
[PlyCount "72"]
[EventDate "2007.03.24"]
[EventType "swiss"]
[EventRounds "11"]
[EventCountry "POL"]
[SourceTitle "EXT 2011"]
[Source "ChessBase"]
[SourceDate "2010.11.26"]
[SourceVersion "1"]
[SourceVersionDate "2010.11.26"]
[SourceQuality "1"]

1. d4 Nf6 2. c4 g6 3. Nc3 Bg7 4. e4 d6 5. f4 0-0 6. Nf3 c5 7. d5 e6 8. Be2 exd5 9. cxd5 Bg4 10. 0-0 Re8 11. h3 Bxf3 12. Bxf3 Nbd7 13. Re1 Rc8 14. Be3 b5 15. Bf2 b4 16. Nb5 Qb6 17. Nxd6 Qxd6 18. e5 Nxe5 19. fxe5 Rxe5 20. Bg3 Rxe1+ 21. Qxe1 Qb6 22. Rd1 Re8 23. Qd2 Nd7 24. d6 Rd8 25. Re1 Bd4+ 26. Kh1 Nf6 27. Re7 Qa6 28. Qe1 h5 29. Rxf7 Rxd6 30. Bxd6 Kxf7 31. Qe7+ Kg8 32. Qf8+ Kh7 33. Qe7+ Kh8 34. Kh2 Qf1 35. Qf8+ Kh7 36. Qe7+ Kh8 1/2-1/2